000 00227nam a2200097Ia 4500
008 240331s9999 xx 000 0 und d
082 _a294.3
_bBUD
100 _aTessa, Bartholomeusz. ed
245 0 _aBuddhism and society
942 _cL
999 _c916
_d916